Statistiques concernant Films avec Coluche

Cliquez ici pour prendre le quiz!

Statistiques générales

  • Ce quiz a été pris 109 fois
  • Le résultat moyen est 7 sur 14

Statistiques - réponses

AnnéeRôleTitre% Correct
1983LambertTchao Pantin
85%
1976Gérard DucheminL'aile ou la cuisse
80%
1980Michel ClementInspecteur la bavure
80%
1983Michel BernardinBanzaï
72%
1981Gérard BarbierLe maitre d'école
62%
1982Marcel Ben HurDeux heures moins le quart avant Jesus Christ
55%
1977Le roi Gros PifVous n'aurez pas l'Alsace et la Lorraine
46%
1984Loulou DupinLa vengeance du serpent à plumes
43%
1983MickyLa femme de mon pote
37%
1984DagobertLe bon roi Dagobert
34%
1975Inspecteur CharbonnierLes vécés étaient fermés de l'intérieur
22%
1985Oscar PiliLe fou de guerre
18%
1985GeorgesLes rois du gag
11%
1984CoyotteSac de noeuds
10%

Distribution des résultats

Percentile par nombre de réponses

% des personnes avec chaque résultat

Votre développement - résultats

Vous n’avez pas pris ce quiz